Gary Player's golf secrets. (Запис № 500205)
[ простий вигляд ]
| 000 -LEADER | |
|---|---|
| fixed length control field | 01078nam a2200253Ma 4500 |
| 001 - CONTROL NUMBER | |
| control field | garyplayersgolfs00play |
| 003 - CONTROL NUMBER IDENTIFIER | |
| control field | CaSfIA |
| 005 - DATE AND TIME OF LATEST TRANSACTION | |
| control field | 20210118085321.0 |
| 007 - PHYSICAL DESCRIPTION FIXED FIELD--GENERAL INFORMATION | |
| fixed length control field | cr|||| |
| 008 - FIXED-LENGTH DATA ELEMENTS--GENERAL INFORMATION | |
| fixed length control field | 070427s1964 enk 001 0 und d |
| 040 ## - CATALOGING SOURCE | |
| Original cataloging agency | SZT |
| Transcribing agency | SZT |
| Modifying agency | CaSfIA |
| 035 ## - SYSTEM CONTROL NUMBER | |
| System control number | (OCoLC)123641209 |
| 029 1# - (OCLC) | |
| OCLC library identifier | NZ1 |
| System control number | 7075351 |
| 029 1# - (OCLC) | |
| OCLC library identifier | AU@ |
| System control number | 000003366104 |
| 100 1# - MAIN ENTRY--PERSONAL NAME | |
| Personal name | Player, Gary. |
| 245 10 - TITLE STATEMENT | |
| Title | Gary Player's golf secrets. |
| Medium | [electronic resource] |
| 260 ## - PUBLICATION, DISTRIBUTION, ETC. (IMPRINT) | |
| Place of publication, distribution, etc | London : |
| Name of publisher, distributor, etc | Pelham, |
| Date of publication, distribution, etc | 1964. |
| 300 ## - PHYSICAL DESCRIPTION | |
| Extent | 125p. : |
| Other physical details | ill. |
| 506 ## - RESTRICTIONS ON ACCESS NOTE | |
| Standardized terminology for access restriction | Необхідна авторизація на https://archive.org/ (створення облікового запису безкоштовно) |
| 506 ## - RESTRICTIONS ON ACCESS NOTE | |
| Standardized terminology for access restriction | Необхідна авторизація на https://openlibrary.org/ (створення облікового запису безкоштовно) |
| 856 41 - ELECTRONIC LOCATION AND ACCESS | |
| Uniform Resource Identifier | <a href="http://www.archive.org/details/garyplayersgolfs00play">http://www.archive.org/details/garyplayersgolfs00play</a> |
| Public note | Free eBook from the Internet Archive |
| 856 42 - ELECTRONIC LOCATION AND ACCESS | |
| Uniform Resource Identifier | <a href="http://www.openlibrary.org/books/OL24207997M">http://www.openlibrary.org/books/OL24207997M</a> |
| Public note | Additional information and access via Open Library |
| 942 ## - ADDED ENTRY ELEMENTS (KOHA) | |
| Koha item type | ЕКнига |
Немає доступних примірників.